Soil mechanics, foundations, and earth structures; (Record no. 546440)

000 -LEADER
fixed length control field 00640cam a22001811 4500
082 ## - DEWEY DECIMAL CLASSIFICATION NUMBER
Classification number 624.15136
Author Mark TSC
-- L-16, P-17
100 1# - MAIN ENTRY--PERSONAL NAME
Personal name Tschebotarioff, Gregory Porphyriewitch,
9 (RLIN) 42561
245 10 - TITLE STATEMENT
Title Soil mechanics, foundations, and earth structures;
Remainder of title an introduction to the theory and practice of design and construction.
250 ## - EDITION STATEMENT
Edition statement 1st ed.
260 ## - PUBLICATION, DISTRIBUTION, ETC.
Place of publication, distribution, etc. New York,
Name of publisher, distributor, etc. McGraw-Hill,
Date of publication, distribution, etc. 1951.
300 ## - PHYSICAL DESCRIPTION
Extent 655 p.
Other physical details illus.
Dimensions 24 cm.
526 ## - STUDY PROGRAM INFORMATION NOTE
Program name 0
Interest level 0
Reading level 0
Title point value 624_151360000000000_TSC
526 ## - STUDY PROGRAM INFORMATION NOTE
Program name 0
Interest level 0
Reading level 0
Title point value 624_151360000000000_TSC
526 ## - STUDY PROGRAM INFORMATION NOTE
Program name 0
Interest level 0
Reading level 0
Title point value 624_151360000000000_TSC
650 #0 - SUBJECT ADDED ENTRY--TOPICAL TERM
Topical term or geographic name entry element MCE
9 (RLIN) 379
650 #0 - SUBJECT ADDED ENTRY--TOPICAL TERM
Topical term or geographic name entry element Soil mechanics.
942 ## - ADDED ENTRY ELEMENTS (KOHA)
Source of classification or shelving scheme
Koha item type Book
Holdings
Withdrawn status Lost status Source of classification or shelving scheme Damaged status Not for loan Permanent Location Current Location Date acquired Total Checkouts Full call number Barcode Date last seen Price effective from Koha item type
          Military College of Engineering (MCE) Military College of Engineering (MCE) 06/12/2014   624.15136 TSC MCE-30009 06/12/2014 06/12/2014 Book
          Military College of Engineering (MCE) Military College of Engineering (MCE) 06/12/2014   624.15136 TSC MCE-30001 06/12/2014 06/12/2014 Book
          Military College of Engineering (MCE) Military College of Engineering (MCE) 06/12/2014   624.15136 TSC MCE-572 06/12/2014 06/12/2014 Book
© 2023 Central Library, National University of Sciences and Technology. All Rights Reserved.